| 000 | 00309 a2200121 4500 | ||
|---|---|---|---|
| 001 | 64350 | ||
| 082 | _a515.3 BRO | ||
| 090 |
_c37985 _d37985 |
||
| 100 | _aBronson Richard | ||
| 245 |
_aModern Introductory Differential Equations _bSchaum's Outline of |
||
| 260 |
_aNY _bMcGraw-Hill _c1973 |
||
| 300 | _a306 p. | ||
| 942 |
_aNUST-CAE _k515.3 BRO |
||
| 999 |
_c299423 _d299423 |
||